[Event "Washington Class Championships"]
[Site "Seattle, WA"]
[Date "2015.11.27"]
[Round "1"]
[White "Varner Murlin  (WA)"]
[Black "Borgo Seth  (WA)"]
[Result "1-0"]
[WhiteElo "1561"]
[BlackElo "1459"]
[Annotator ""]
[Source ""]
[Remark "Class C"]

1.c4 e5 2.Nc3 Nf6 3.g3 d5 4.Bg2 c6 5.cxd5 cxd5 6.Qb3 Nc6 7.e3
Nb4 8.Nf3 Nd3+ 9.Kf1 e4 10.Ne1 Nc5 11.Qc2 Bf5 12.a3 a5 13.f3
Qd7 14.fxe4 Ncxe4 15.Nxe4 Nxe4 16.d3 Rc8 17.Qe2 Nc5 18.Bd2 Nb3
19.Rd1 Nxd2+ 20.Rxd2 Bg4 21.Nf3 Be7 22.h3 Bh5 23.g4 Bg6 24.Ne5
Qe6 25.Nxg6 fxg6 26.Bf3 O-O 27.Kg2 Bh4 28.Rf1 Rf7 29.Kh1 Bg5
30.Rc2 Rfc7 31.Rxc7 {?} ( 31.Qg2 ) Rxc7 32.e4 d4 33.Qh2 Rc8 34.h4
Bf6 35.g5 Be5 36.Qg2 Rf8 37.Rc1 Rf4 38.h5 gxh5 39.Kg1 h4 40.Rf1
h3 41.Qe2 h6 42.Bh5 h2+ 43.Kh1 Rxf1+ 44.Qxf1 hxg5 45.Qd1 Qh3
46.Bg4 Qg3 47.Be6+ Kf8 48.Qf1+ Bf4 49.Bd5 Qe3 50.Bxb7 g4 51.b4
axb4 52.axb4 Ke7 53.b5 Kd6 54.b6 Qg3 55.Bd5 Be3 {??}
( 55...Qf3+ 56.Qxf3 gxf3 57.b7 Kc7 ) 56.Qf8+ Kd7 57.Qf7+ Kd8
58.Qf8+ Kd7 59.Qxg7+ Kd6 60.Qf8+ Kd7 61.Qf7+ Kd8 62.Qf6+ Kd7
63.Bc6+ Kc8 64.Qf8# 1-0

[Event "Washington Class Championships"]
[Site "Seattle, WA"]
[Date "2015.11.27"]
[Round "1"]
[White "Kuhner Mary  (WA)"]
[Black "Shaji Karthik  (WA)"]
[Result "1-0"]
[WhiteElo "1924"]
[BlackElo "1786"]
[Annotator ""]
[Source ""]
[Remark "Class A"]

1.e4 c5 2.Nf3 d6 3.c3 Nf6 4.d3 g6 5.h3 Bg7 6.Be3 O-O 7.Nbd2 Nc6
8.Be2 Nd7 9.O-O b5 10.d4 Rb8 11.d5 Nce5 12.Nxe5 Nxe5 13.f4 Nd7
14.Qc2 e6 15.dxe6 fxe6 16.Rad1 Nf6 17.Nf3 Qc7 18.b3 Nh5 19.Ng5
Ng3 20.Rfe1 Nxe2+ 21.Rxe2 e5 22.Qd2 Rb6 23.Rf2 Qe7 24.Rdf1 h6
25.Nf3 exf4 26.Bxf4 g5 27.Bh2 Qxe4 28.Re1 Qc6 29.Re7 a5 30.Nxg5
Rxf2 31.Qxf2 1-0

[Event "Washington Class Championships"]
[Site "Seattle, WA"]
[Date "2015.11.27"]
[Round "1"]
[White "Haining Breck  (WA)"]
[Black "Humphrey David  (WA)"]
[Result "1-0"]
[WhiteElo "1345"]
[BlackElo "1214"]
[Annotator ""]
[Source ""]
[Remark "Class D"]

1.e4 c5 2.Nf3 d6 3.Nc3 Nc6 4.Nd5 Bd7 5.c3 e6 6.Ne3 Nf6 7.Bd3
g6 8.Bc2 Bg7 9.d4 cxd4 10.cxd4 O-O 11.O-O Qc7 12.Re1 Rac8 13.Bd2
e5 14.dxe5 dxe5 15.Rc1 Bg4 16.Nxg4 Nxg4 17.Bb3 Nf6 18.Bc3 Nd7
19.Rc2 Rcd8 20.Qc1 Qb6 21.Bd2 Nd4 22.Nxd4 exd4 23.Bh6 Ne5 24.Bxg7
Kxg7 25.Qd1 Rd6 26.Rd2 Rfd8 27.Bd5 Nc6 28.b3 Rc8 29.Bc4 Re8 30.Bd5
Qd8 31.f4 Qd7 32.Qf3 f5 33.Bxc6 bxc6 34.e5 Qe6 35.Red1 Rd5 36.Rxd4
Red8 37.Rxd5 cxd5 38.Qe3 Rd7 39.Qd4 h6 40.Rc1 g5 41.g3 g4 42.a4
h5 43.b4 Kf7 44.b5 1-0

[Event "Washington Class Championships"]
[Site "Seattle, WA"]
[Date "2015.11.27"]
[Round "1"]
[White "Swecker Paul  (WA)"]
[Black "Kypriotakis Kyriakos  (OR)"]
[Result "0-1"]
[WhiteElo "101"]
[BlackElo "1069"]
[Annotator ""]
[Source ""]
[Remark "Class E"]

1.d4 e5 2.Nf3 Nc6 3.g3 e4 4.Nfd2 d5 5.f3 f5 6.Nc3 Nf6 7.Bg2 g6
8.f4 e3 9.Nf3 Ng4 10.Qd3 Nf2 11.Kf1 Nxd3 12.cxd3 Nb4 13.Ne5 Bg7
14.a3 Nc2 15.Rb1 Nxd4 16.Bxd5 Bxe5 17.fxe5 c6 18.Bc4 Be6 19.Bxe3
Bxc4 20.Rd1 Bb3 21.Rc1 O-O 22.Rg1 Nc2 23.Rxc2 Bxc2 24.h4 Bxd3
25.Bg5 Bxe2+ 26.Nxe2 Qb6 27.Bc1 Rae8 28.Bf4 Qxb2 29.Nd4 Qxd4 0-1

[Event "Washington Class Championships"]
[Site "Seattle, WA"]
[Date "2015.11.27"]
[Round "1"]
[White "Dixon Max  (WA)"]
[Black "MacGregor Logan  (WA)"]
[Result "1-0"]
[WhiteElo "1436"]
[BlackElo "1556"]
[Annotator ""]
[Source ""]
[Remark "Class C"]

1.e4 e6 2.d4 d5 3.Nc3 Nf6 4.Bg5 Be7 5.Bd3 dxe4 6.Nxe4 Nc6 7.Nf3
O-O 8.c3 h6 9.h4 b6 10.Qd2 Nxe4 11.Bxe4 Bb7 12.Bxh6 f5 13.Bxc6
Bxc6 14.Bg5 Bxf3 15.gxf3 Bxg5 16.hxg5 g6 17.O-O-O Qd5 18.Qf4
Rf7 19.Rh6 Rg7 20.Rdh1 Rd8 21.Qxc7 Rdd7 22.Qc8+ 1-0

[Event "Washington Class Championships"]
[Site "Seattle, WA"]
[Date "2015.11.27"]
[Round "1"]
[White "Zhang Jason  (WA)"]
[Black "Dee Jimmy  (WA)"]
[Result "1-0"]
[WhiteElo "1509"]
[BlackElo "1051"]
[Annotator ""]
[Source ""]
[Remark "Class C"]

1.e4 c5 2.Nf3 e6 3.d4 cxd4 4.Nxd4 Nc6 5.Nc3 Nf6 6.Bc4 d5 7.exd5
Nxd5 8.Nxd5 exd5 9.Bb5 Qb6 10.O-O Bc5 11.Qe2+ Be7 12.Be3 Qc7
13.Qh5 Qd6 14.c4 dxc4 15.Rfd1 Qc7 16.Bxc4 O-O 17.Bb3 Qe5 18.Qf3
Nxd4 19.Bxd4 Qf5 20.Qe2 Be6 21.Bc2 Qf4 22.Be5 Bc4 23.Bxf4 Bxe2
24.Re1 Bf6 25.Rxe2 Rfe8 26.Rae1 Rxe2 27.Rxe2 Rc8 28.h3 Bxb2 29.Bxh7+
Kxh7 30.Rxb2 b6 31.Re2 f6 32.Re7 a5 33.Rb7 Rc2 34.a3 Ra2 35.Bd6
Ra1+ 36.Kh2 Rb1 37.Bf8 Kg8 38.Bxg7 Ra1 39.Bxf6 Rxa3 40.Rxb6 a4
41.h4 1-0

[Event "Washington Class Championships"]
[Site "Seattle, WA"]
[Date "2015.11.27"]
[Round "1"]
[White "Zhang Eric  (WA)"]
[Black "Ahluwalia Anshul  (WA)"]
[Result "1-0"]
[WhiteElo "1795"]
[BlackElo "1639"]
[Annotator ""]
[Source ""]
[Remark "Class A"]

1.d4 d5 2.c4 e6 3.Nc3 Nf6 4.cxd5 exd5 5.Bg5 Nbd7 6.e3 c6 7.Nf3
Be7 8.Bd3 O-O 9.Qc2 Re8 10.O-O Nf8 11.Rab1 Ne4 12.Bxe7 Qxe7 13.b4
a6 14.a4 Bd7 15.b5 axb5 16.axb5 Ra3 17.Bxe4 dxe4 18.Ne5 cxb5
19.Nxb5 Ra5 20.Nxd7 Qxd7 21.Qc7 Re7 22.Qxa5 Qd5 23.Qb4 Ng6 24.Rfc1
h6 25.Qd6 Qg5 26.Qg3 Qf5 27.Rc5 Qd7 28.Qc7 Qxb5 29.Rbxb5 Rxc7
30.Rxc7 f5 31.Rbxb7 f4 32.Rxg7+ Kh8 33.Rxg6 fxe3 34.Re6 exf2+
35.Kxf2 e3+ 36.Ke2 h5 37.Re8# 1-0

[Event "Washington Class Championships"]
[Site "Seattle, WA"]
[Date "2015.11.27"]
[Round "2"]
[White "Dixon Max  (WA)"]
[Black "Varner Murlin  (WA)"]
[Result "0-1"]
[WhiteElo "1436"]
[BlackElo "1561"]
[Annotator ""]
[Source ""]
[Remark "Class C"]

1.e4 e6 2.d4 d5 3.Nc3 Bb4 4.Nge2 Nf6 5.a3 Ba5 6.b4 Bb6 7.Bg5
dxe4 8.Nxe4 Nbd7 9.N2c3 O-O 10.Nxf6+ Nxf6 11.Be3 c6 12.Bd3 e5
13.dxe5 Bxe3 14.fxe3 Ng4 15.Qf3 Qh4+ 16.g3 Qg5 17.Qf4 Qxe5 18.Qxe5
Nxe5 19.O-O-O Bg4 20.Be2 Rfe8 21.Rhf1 Bxe2 22.Nxe2 Ng4 23.Rd7
{!} f6 24.Rxb7 Nxe3 25.Rf3 Nxc2 26.Kxc2 Rxe2+ 27.Kb3 a5 28.Rd3
a4+ 29.Kc4 Rc2+ 30.Rc3 Rxh2 31.Rc7 Ra6 32.Rd3 Rc2+ 33.Kd4 Ra8
34.Rc3 {?} Rd2+ 35.Rd3 {??} Rd8+ 0-1

[Event "Washington Class Championships"]
[Site "Seattle, WA"]
[Date "2015.11.27"]
[Round "1"]
[White "Chin Eugene  (WA)"]
[Black "Menkov Artjom  (WA)"]
[Result "0-1"]
[WhiteElo "1498"]
[BlackElo "1572"]
[Annotator ""]
[Source ""]
[Remark "Class C"]

1.e4 c5 2.Nf3 Nc6 3.d4 cxd4 4.Nxd4 Nf6 5.Nc3 e5 6.Nxc6 bxc6 7.Bc4
Bb4 8.Bd2 d5 9.exd5 cxd5 10.Bb5+ Bd7 11.a3 Bxc3 12.Bxd7+ Qxd7
13.Bxc3 d4 14.Bb4 a5 15.Bd2 O-O 16.O-O Qb5 17.Rb1 Nd5 18.Qg4
Kh8 19.Rfe1 f6 20.f4 f5 21.Qh3 e4 22.Rf1 Qc5 23.Rbc1 d3+ 24.Kh1
e3 25.cxd3 Qd4 26.Bc3 Nxc3 27.Rxc3 Rab8 28.Rb1 Qxc3 0-1

[Event "Washington Class Championships"]
[Site "Seattle, WA"]
[Date "2015.11.27"]
[Round "1"]
[White "Van Veen Kerry  (WA)"]
[Black "Richards Jerrold  (WA)"]
[Result "1-0"]
[WhiteElo "1544"]
[BlackElo "1421"]
[Annotator ""]
[Source ""]
[Remark "Class C"]

1.d4 d5 2.c4 Nf6 3.cxd5 Nxd5 4.e4 Nf6 5.Nc3 Nc6 6.d5 Ne5 7.Bf4
Ng6 8.Bg3 Nh5 9.Qxh5 a6 10.Qd1 e5 11.dxe6 Bxe6 12.Qxd8+ Rxd8
13.Bxc7 Rc8 14.Bg3 Bb4 15.Nge2 Bc4 16.a3 Ba5 17.b4 Bc7 18.Bxc7
Rxc7 19.Rc1 Ne5 20.Nf4 O-O 21.Bxc4 Rxc4 22.O-O Rfc8 23.Nfd5 Rd8
24.Ne7+ Kf8 25.Ncd5 Rxe4 26.Rc8 Nc6 27.Rxd8+ Nxd8 28.Nf5 Ne6
29.Rc1 Ke8 1-0

[Event "Washington Class Championships"]
[Site "Seattle, WA"]
[Date "2015.11.27"]
[Round "1"]
[White "Yu Jason  (WA)"]
[Black "Pupols Viktors  (WA)"]
[Result "1/2-1/2"]
[WhiteElo "2015"]
[BlackElo "2213"]
[Annotator ""]
[Source ""]
[Remark "Master"]

1.e4 c6 2.d4 d5 3.Nc3 dxe4 4.Nxe4 Nf6 5.Nxf6+ exf6 6.Nf3 Bd6
7.Be2 O-O 8.O-O Re8 9.h3 Nd7 10.Be3 Nf8 11.c3 Be6 12.Nd2 Bc7
13.Bd3 Qd6 14.f4 Bd5 15.Qe2 b5 16.b3 Re7 17.Qf2 Rae8 18.Rae1
Ba5 19.c4 bxc4 20.bxc4 Bxd2 21.Qxd2 Be4 22.Bxe4 Rxe4 23.Bf2 f5
24.d5 cxd5 25.Qxd5 Qxd5 26.cxd5 Rxe1 27.Rxe1 Rxe1+ 28.Bxe1 Nd7
29.Bb4 f6 30.Kf2 Nb6 31.Bc5 Nxd5 32.Bxa7 Kf7 33.g3 Ke6 34.Bc5
Nc3 35.Ke3 Kd5 36.Bf8 g6 37.a3 Kc4 38.Kf3 Kb3 39.Be7 Nd5 40.Bf8
Nc3 41.Be7 Nd5 42.Bf8 Nc3 1/2-1/2

[Event "Washington Class Championships"]
[Site "Seattle, WA"]
[Date "2015.11.27"]
[Round "1"]
[White "Schill William  (WA)"]
[Black "He Anthony  (WA)"]
[Result "1/2-1/2"]
[WhiteElo "2265"]
[BlackElo "2087"]
[Annotator ""]
[Source ""]
[Remark "Master"]

1.e4 c5 2.Nf3 Nc6 3.d4 cxd4 4.Nxd4 Nf6 5.Nc3 d6 6.Bg5 e6 7.Qd2
a6 8.O-O-O Bd7 9.f3 Be7 10.Qe1 Qc7 11.h4 h5 12.Kb1 Nxd4 13.Rxd4
Bc6 14.Rd1 O-O-O 15.Bd3 d5 16.e5 Ne8 17.Bxe7 Qxe7 18.Qf2 Kb8
19.Ne2 Rc8 20.f4 g6 21.Qb6 Qc7 22.Qb4 Ka8 23.Nd4 Qd7 24.Rh3 Nc7
25.a3 Rhe8 26.Be2 Nb5 27.Nb3 Qe7 28.Qxe7 Rxe7 29.Bxb5 Bxb5 30.Nd4
Rec7 31.c3 Kb8 32.Kc2 Rd8 33.Rg1 Rcc8 34.Ra1 Bd7 35.a4 Rc7 36.a5
Rdc8 37.Kd2 Bb5 38.Re3 Bd7 39.b3 Rc5 40.Kc2 Ka7 41.Kb2 Kb8 42.g3
Ka7 43.b4 R5c7 44.Nb3 Bb5 45.Nc5 Rd8 46.Rd1 Rcc8 47.Rd4 Kb8 48.Re1
Kc7 49.Ra1 Kb8 50.Kc2 Rc7 51.Kd2
{At this point, the score sheet begins to make less sense.  Either some errors
in notation occurred or some moves were left out.  As it is, they continue to
dance until at least move 73, before settling for the draw.} 1/2-1/2

[Event "Washington Class Championships"]
[Site "Seattle, WA"]
[Date "2015.11.28"]
[Round "3"]
[White "Varner Murlin  (WA)"]
[Black "Zhang Jason  (WA)"]
[Result "0-1"]
[WhiteElo "1561"]
[BlackElo "1509"]
[Annotator ""]
[Source ""]
[Remark "Class C"]

1.c4 e5 2.Nc3 Nf6 3.g3 Bc5 4.Bg2 Nc6 5.e3 d6 6.Nge2 O-O 7.b3
( 7.O-O ) Bf5 8.O-O ( 8.d4 ) Nb4 9.e4 Bg6 10.a3 {?!} Nd3 11.h3
Bd4 12.Nxd4 {?} ( 12.Qc2 ) exd4 13.Ne2 Nxe4 14.Bxe4 {?} Bxe4
15.Nxd4 Qf6 16.Nc2 Bf3 17.Bb2 Nxb2 18.Qc1 Nd3 19.Qb1 Be2 20.Ne3
Bxf1 21.Qxf1 Nxf2 22.Nd5 Nxh3+ 23.Kg2 Qxf1+ 24.Rxf1 Ng5 25.Rf5
Ne4 26.d3 Nc5 27.Rg5 f6 28.Rh5 Rf7 29.b4 Nxd3 30.Rh4 Re8 31.Rd4
Ne1+ 32.Kh3 Nc2 33.Rd3 c6 34.Nf4 Rd7 35.Rc3 Ne3 36.g4 Re4 37.Nh5
Nxc4 38.Rg3 Re3 0-1

[Event "Washington Class Championships"]
[Site "Seattle, WA"]
[Date "2015.11.28"]
[Round "1"]
[White "Norovsambuu Badamkhand  (WA)"]
[Black "Wang James  (WA)"]
[Result "0-1"]
[WhiteElo "2060"]
[BlackElo "1868"]
[Annotator ""]
[Source ""]
[Remark "Master--Two Day"]

1.d4 d5 2.c4 c6 3.Nc3 Nf6 4.Nf3 e6 5.cxd5 exd5 6.Bg5 Be7 7.e3
Bf5 8.Bd3 Bxd3 9.Qxd3 Nbd7 10.O-O h6 11.Bh4 O-O 12.Rab1 a5 13.Rbc1
Re8 14.Qc2 Ng4 15.Bg3 Ngf6 16.Qb3 Ra7 17.Rfd1 Nh5 18.Ne5 Nxg3
19.Nxd7 Qxd7 20.hxg3 Bd6 21.Na4 h5 22.Nc5 Qe7 23.Qd3 h4 24.gxh4
Qxh4 25.Qf5 Bxc5 26.dxc5 Re6 27.Rd4 Qh6 28.Rcd1 Ra8 29.Rg4 Rae8
30.Rdd4 Re5 31.Qf4 Qxf4 32.Rgxf4 Re4 33.Ra4 Rxf4 34.Rxf4 Re4
35.Rxe4 dxe4 36.Kf1 f5 37.f3 exf3 38.gxf3 Kf7 39.b3 Ke6 40.a3
Kd5 41.b4 axb4 42.axb4 Kc4 0-1

[Event "Washington Class Championships"]
[Site "Seattle, WA"]
[Date "2015.11.28"]
[Round "4"]
[White "Smolak Frederick  (WA)"]
[Black "Varner Murlin  (WA)"]
[Result "1/2-1/2"]
[WhiteElo "1389"]
[BlackElo "1561"]
[Annotator ""]
[Source ""]
[Remark "Class C"]

1.d4 Nf6 2.c4 g6 3.Nc3 Bg7 4.e4 d6 5.Nf3 O-O 6.Be2 b6 7.O-O Bb7
8.Qc2 Na6 9.a3 c5 10.d5 Re8 11.Bg5 Qc7 12.Nb5 Qb8 13.Rad1 Nc7
14.Nxc7 Qxc7 15.Nd2 Nd7 16.f4 h6 17.Bh4 Rad8 18.Nf3 Bf6 19.Bxf6
Nxf6 20.h3 e6 21.Bd3 Nh5 22.f5 e5 23.fxg6 fxg6 24.Nh4 Qg7 25.Rf3
Nf4 26.Kh2 Bc8 27.g4 Rf8 28.Ng2 g5 29.Rdf1 Rd7 30.Qf2 Rdf7 31.Bc2
Rf6 {?} ( 31...h5 32.gxh5 Bxh3 ) 32.b3 Nxh3 33.Kxh3 Rxf3+ 34.Qxf3
Rxf3+ 35.Rxf3 h5 36.Ne3 Bxg4+ {?} ( 36...hxg4+ 37.Nxg4 Qh6+ )
37.Nxg4 Qd7 38.Rf5 hxg4+ 39.Kxg4 Kh7 40.Kh5 g4 41.Kxg4 Kh6 42.Kh4
Qe7+ 43.Kg4 Qg7+ 44.Kh4 Qe7+ {Looks like I worked hard to turn a win into a draw.  I was too afraid of letting the rook into my backfield.}
 1/2-1/2

[Event "Washington Class Championships"]
[Site "Seattle, WA"]
[Date "2015.11.29"]
[Round "5"]
[White "Ruan Evan  (WA)"]
[Black "Varner Murlin  (WA)"]
[Result "0-1"]
[WhiteElo "1434"]
[BlackElo "1561"]
[Annotator ""]
[Source ""]
[Remark "Class C"]

1.d4 Nf6 2.c4 g6 3.g3 Bg7 4.Bg2 O-O 5.Nf3 d6 6.Nc3 Nbd7 7.O-O
Re8 8.e4 c5 9.d5 Nb6 10.Qe2 e6 11.Nd2 exd5 12.cxd5 Nfxd5 13.Nxd5
Nxd5 14.Qc4 Nb6 15.Qc2 Rb8 16.Rb1 Be6 17.b3 Nd7 18.Bb2 Bxb2 19.Qxb2
Ne5 20.Qc2 b6 21.Rfd1 Qf6 22.Nc4 Nxc4 23.bxc4 Rbd8 24.Rd2 Bg4
25.h3 Bf3 26.Bxf3 Qxf3 27.Re2 Re6 28.Rbe1 Rde8 29.Re3 Qf6 30.Kg2
h5 31.h4 g5 32.Rh1 g4 33.Rhe1 Qd4 34.Rd1 Qf6 35.Rd5 Re5 36.Rd2
Rxe4 37.Rxd6 Qxd6 38.Rxe4 Qc6 0-1

[Event "Washington Class Championships"]
[Site "Seattle, WA"]
[Date "2015.11.28"]
[Round "4"]
[White "Airapetian Chouchanik (WA)"]
[Black "Smith Mark T  (WA)"]
[Result "1/2-1/2"]
[WhiteElo "2092"]
[BlackElo "1857"]
[Annotator ""]
[Source ""]
[Remark "Expert"]

1.e4 g6 2.d4 Bg7 3.c4 d6 4.Nc3 Nf6 5.f3 O-O 6.Be3 c5 7.d5 a6
8.a4 a5 9.Qd2 Na6 10.Nge2 Nb4 11.Nc1 Nd7 12.Be2 Ne5 13.O-O h5
14.N1a2 e6 15.b3 exd5 16.Nxd5 Nxd5 17.Qxd5 Nc6 18.Rad1 Nd4 19.Nc1
Be6 20.Qg5 Bf6 21.Qg3 Be5 22.Qg5 Bf6 23.Qf4 Be5 1/2-1/2

[Event "Washington Class Championships"]
[Site "Seattle, WA"]
[Date "2015.11.28"]
[Round "3"]
[White "Sang Tian  (WA)"]
[Black "Feng Roland  (WA)"]
[Result "0-1"]
[WhiteElo "2348"]
[BlackElo "2403"]
[Annotator ""]
[Source ""]
[Remark "Master--Two Day"]

1.e4 e6 2.d4 d5 3.Nc3 dxe4 4.Nxe4 Nf6 5.Bg5 Be7 6.Bxf6 gxf6 7.Nf3
f5 8.Nc3 a6 9.Qe2 b5 10.O-O-O b4 11.Na4 Qd5 12.Qc4 Bb7 13.Qxc7
Bd6 14.Qc4 Nd7 15.Qxd5 Bxd5 16.Nd2 Bf4 17.Kb1 Bc6 18.b3 Bxa4
19.bxa4 Nb6 20.g3 Bh6 21.Nc4 Nxa4 22.Rd3 Ke7 23.Bg2 Rac8 24.Ne5
Bg7 25.Re1 Rc7 26.d5 Bxe5 27.Rxe5 Rc5 28.f4 Rhc8 29.dxe6 Rxe5
30.fxe5 fxe6 31.a3 Nc5 32.Rd4 bxa3 33.Rh4 Rh8 34.Ka2 Nd7 35.Kxa3
Nxe5 36.Bf1 a5 37.Ka4 h5 38.Be2 Rc8 39.c4 Kd6 40.Kxa5 Nc6+ 41.Ka4
Kc5 42.Ka3 Nd4 43.Bd3 Ra8+ 44.Kb2 Rb8+ 45.Ka2 Nf3 46.Rxh5 Kd4
47.Bxf5 Kc3 48.Be4 Nd2 49.Rb5 Rh8 50.Bd5 exd5 {'time'} 0-1

[Event "Washington Class Championships"]
[Site "Seattle, WA"]
[Date "2015.11.28"]
[Round "3"]
[White "Airapetian Chouchanik (WA)"]
[Black "Hadzic Huso  (WA)"]
[Result "1-0"]
[WhiteElo "2092"]
[BlackElo "2145"]
[Annotator ""]
[Source ""]
[Remark "Expert--Two Day"]

1.e4 c5 2.Nf3 Nc6 3.d4 cxd4 4.Nxd4 g6 5.Nc3 Bg7 6.Nb3 d6 7.Be3
Nf6 8.Be2 O-O 9.O-O Bd7 10.f4 Rc8 11.Bf3 Qc7 12.Nb5 Qb8 13.a4
a6 14.Na3 Be6 15.c3 Rfd8 16.Bb6 Re8 17.a5 Nd7 18.Nd4 Nxd4 19.Bxd4
Nc5 20.Bxg7 Kxg7 21.Nc2 Bb3 22.Qd4+ e5 23.Qd2 Bxc2 24.Qxc2 exf4
25.Rae1 Re5 26.Bg4 Rce8 27.Rxf4 f5 28.Bd1 Nxe4 29.g4 Ng5 30.Rxe5
dxe5 31.Rb4 e4 32.gxf5 gxf5 33.Qd2 {Remainder unrecorded in time scramble, I think.}
 1-0

[Event "Washington Class Championships"]
[Site "Seattle, WA"]
[Date "2015.11.28"]
[Round "3"]
[White "Wang Jonathan  (WA)"]
[Black "Wang Hongning  (WA)"]
[Result "0-1"]
[WhiteElo "556"]
[BlackElo "1347"]
[Annotator ""]
[Source ""]
[Remark "Class D--Two Day"]

1.e4 e5 2.Nf3 Nc6 3.Bc4 Bc5 4.Nc3 Nf6 5.d3 d6 6.Bg5 h6 7.Bh4
Bg4 8.h3 Bh5 9.Nd5 g5 10.Nxf6+ Qxf6 11.Bg3 Nd4 12.Bxe5 dxe5 13.g4
Nxf3+ 14.Kf1 Bg6 15.c3 Nh4 16.Qe2 Qf3 17.Qxf3 Nxf3 18.Ke2 Nh4
19.Rhf1 f6 20.f3 Bf7 21.Bxf7+ Kxf7 22.Rad1 Ng6 23.Ke1 Rad8 24.b4
Bb6 25.c4 a6 26.c5 Ba7 27.Rh1 Nf4 28.a3 0-1

[Event "Washington Class Championships"]
[Site "Seattle, WA"]
[Date "2015.11.28"]
[Round "2"]
[White "Campbell Tim  (WA)"]
[Black "Garcia Ricardo  (WA)"]
[Result "0-1"]
[WhiteElo "1726"]
[BlackElo "1748"]
[Annotator ""]
[Source ""]
[Remark "Class A--Two Day"]

1.e4 c6 2.d4 d5 3.exd5 cxd5 4.c4 Nf6 5.Nc3 e6 6.Nf3 Be7 7.Bf4
O-O 8.Nb5 Na6 9.a3 dxc4 10.Bxc4 Nd5 11.Bg3 Nac7 12.Nxc7 Nxc7
13.Rc1 Nd5 14.O-O a6 15.Re1 Bf6 16.Be5 Bxe5 17.Nxe5 Nf6 18.Re3
b5 19.Ba2 Bb7 20.Rec3 Rc8 21.Rxc8 Bxc8 22.Rc5 Bb7 23.Nc6 Qd6
24.Qc2 g6 25.d5 exd5 26.Bxd5 Nxd5 27.Rxd5 Qxc6 28.Rc5 Qxg2# 0-1

[Event "Washington Class Championships"]
[Site "Seattle, WA"]
[Date "2015.11.28"]
[Round "3"]
[White "Gao Jaden  (WA)"]
[Black "Chen Minda  (WA)"]
[Result "0-1"]
[WhiteElo "1078"]
[BlackElo "1373"]
[Annotator ""]
[Source ""]
[Remark "Class D--Two Day"]

1.e4 c5 2.Nf3 e6 3.d4 cxd4 4.Nxd4 a6 5.Nc3 Nc6 6.Be3 Qc7 7.Bc4
Nf6 8.O-O Bb4 9.Nce2 Nxe4 10.c3 Be7 11.Qd3 Nf6 12.Bg5 Ne5 13.Bf4
Qxc4 14.Qg3 Ng6 15.b3 Qc5 16.Be3 Qd6 17.Nf4 Ne4 18.Qf3 Nxc3 19.Nxg6
hxg6 20.Bf4 Qxd4 21.Rac1 Qxf4 22.Qxc3 Qxh2# 0-1

[Event "Washington Class Championships"]
[Site "Seattle, WA"]
[Date "2015.11.28"]
[Round "2"]
[White "Hadzic Huso  (WA)"]
[Black "Lin Michael  (WA)"]
[Result "0-1"]
[WhiteElo "2145"]
[BlackElo "2164"]
[Annotator ""]
[Source ""]
[Remark "Expert--Two Day"]

1.e4 e5 2.Nf3 Nc6 3.Bb5 a6 4.Ba4 Nf6 5.Qe2 Be7 6.O-O b5 7.Bb3
d6 8.a4 Bg4 9.axb5 Nd4 10.Qd3 Bxf3 11.gxf3 Nh5 12.bxa6 Nf4 13.Qc4
d5 14.Qa4+ Kf8 15.d3 Nxf3+ 16.Kh1 Bd6 17.Bxf4 exf4 18.Qc6 Qh4 0-1

[Event "Washington Class Championships"]
[Site "Seattle, WA"]
[Date "2015.11.28"]
[Round "3"]
[White "Tafalla Gabriel  (WA)"]
[Black "Baxter Brent  (WA)"]
[Result "1-0"]
[WhiteElo "1958"]
[BlackElo "1891"]
[Annotator ""]
[Source ""]
[Remark "Class A--Two Day"]

1.e4 c6 2.d4 d5 3.e5 Bf5 4.h4 h6 5.Bd3 Bxd3 6.Qxd3 e6 7.Nf3 c5
8.dxc5 Nc6 9.Be3 Qc7 10.Nc3 Nxe5 11.Nxe5 Qxe5 12.Qb5+ Kd8 13.Qxb7
Rb8 14.Qxa7 Ne7 15.O-O-O Nc6 16.Qa4 Rc8 17.Rhe1 Qf6 18.Nxd5 exd5
19.Rxd5+ Kc7 20.Bf4+ 1-0

[Event "Washington Class Championships"]
[Site "Seattle, WA"]
[Date "2015.11.28"]
[Round "1"]
[White "Baxter Brent  (WA)"]
[Black "Campbell Tim  (WA)"]
[Result "1/2-1/2"]
[WhiteElo "1891"]
[BlackElo "1726"]
[Annotator ""]
[Source ""]
[Remark "Class A--Two Day"]

1.b3 d5 2.Bb2 c5 3.e3 a6 4.f4 e6 5.Nf3 Bd7 6.Be2 Qb6 7.O-O Bb5
8.Nc3 Bxe2 9.Nxe2 Nd7 10.a4 Ngf6 11.a5 Qc7 12.c4 b5 13.axb6 Qxb6
14.Bc3 Rb8 15.Ra3 Ne4 16.Ba5 Qb7 17.d3 Nd6 18.Bc3 Nf5 19.Bd2
Be7 20.g4 Nh4 21.Nc3 d4 22.Ne4 Nxf3+ 23.Qxf3 f5 24.gxf5 exf5
25.Ng5 Qxf3 26.Nxf3 O-O 27.Rb1 Rb6 28.exd4 cxd4 29.Ra5 Nc5 30.Nxd4
Nxd3 31.Kf1 Bb4 1/2-1/2

[Event "Washington Class Championships"]
[Site "Seattle, WA"]
[Date "2015.11.28"]
[Round "1"]
[White "Hendricks David  (WA)"]
[Black "Gorantla Surya  (WA)"]
[Result "1-0"]
[WhiteElo "1670"]
[BlackElo "1571"]
[Annotator ""]
[Source ""]
[Remark "Class B--Two Day"]

1.d4 e6 2.Nf3 d5 3.Bf4 c5 4.e3 Nc6 5.c3 Qb6 6.Qb3 c4 7.Qc2 Qd8
8.Nbd2 Bd6 9.Bg3 b5 10.Be2 a5 11.O-O Nf6 12.Ne5 Bxe5 13.dxe5
Nd7 14.f4 b4 15.Nf3 Qb6 16.Nd4 Nc5 17.Bh4 Ba6 18.f5 Nxe5 19.fxe6
Nxe6 20.Qf5 Qd6 21.Bg3 Nxd4 22.exd4 Qg6 23.Qxe5+ Qe6 24.Qxg7
O-O-O 25.Bg4 Rhg8 26.Bxe6+ fxe6 27.Qc7# 1-0

[Event "Washington Class Championships"]
[Site "Seattle, WA"]
[Date "2015.11.28"]
[Round "2"]
[White "Feng Roland  (WA)"]
[Black "Skorchenko Dmitry  (WA)"]
[Result "1-0"]
[WhiteElo "2403"]
[BlackElo "2563"]
[Annotator ""]
[Source ""]
[Remark "Master--Two Day"]

1.d4 g6 2.c4 Bg7 3.Nf3 d6 4.Nc3 Nf6 5.Bg5 h6 6.Bh4 g5 7.Bg3 Nh5
8.e3 f5 9.Nd2 Nxg3 10.hxg3 O-O 11.Qc2 e5 12.d5 e4 13.g4 f4 14.Ndxe4
Bxg4 15.f3 Bf5 16.exf4 gxf4 17.Bd3 Nd7 18.Nf2 Bxd3 19.Qxd3 Nc5
20.Qc2 a6 21.Nce4 c6 22.Nxc5 Qa5+ 23.Kf1 Qxc5 24.Ng4 cxd5 25.b3
Rf7 26.Qg6 Kf8 27.Nxh6 Rf6 28.Qh7 Rxh6 29.Rxh6 Re8 30.Rh5 Re5
31.Rf5+ Rxf5 32.Qxf5+ Kg8 33.Re1 Be5 34.Qe6+ Kg7 35.Qe7+ Kg6
36.Rxe5 1-0

[Event "Washington Class Championships"]
[Site "Seattle, WA"]
[Date "2015.11.28"]
[Round "1"]
[White "Elisara Travis  (WA)"]
[Black "Wynn Scott  (WA)"]
[Result "1/2-1/2"]
[WhiteElo "1557"]
[BlackElo "1282"]
[Annotator ""]
[Source ""]
[Remark "Class B--Two Day"]

1.Nc3 d6 2.d4 Nf6 3.e4 g6 4.f4 Bg7 5.h3 O-O 6.e5 dxe5 7.fxe5
Nfd7 8.Nf3 Nb6 9.Bd3 Nc6 10.Be4 f6 11.exf6 exf6 12.O-O Ne7 13.Ne2
f5 14.Bd3 Ned5 15.c3 Qe8 16.Qb3 Be6 17.c4 Nf6 18.d5 Bf7 19.Re1
Qa4 20.Ned4 Qxb3 21.axb3 a6 22.Bf4 Rac8 23.Ne6 Bxe6 24.dxe6 Nh5
25.e7 Rfe8 26.Bc1 Bf6 27.Bg5 Bxb2 28.Rad1 Bc3 29.Re2 Bb4 30.Kh2
Bd6+ 31.Kg1 Bc5+ 32.Kh2 1/2-1/2

[Event "Washington Class Championships"]
[Site "Seattle, WA"]
[Date "2015.11.28"]
[Round "2"]
[White "Tosolini Alessio  (WA)"]
[Black "Wang Jonathan  (WA)"]
[Result "1-0"]
[WhiteElo "1166"]
[BlackElo "556"]
[Annotator ""]
[Source ""]
[Remark "Class D--Two Day"]

1.e4 e5 2.f4 d6 3.Nf3 Nc6 4.Bc4 g6 5.d3 Bg7 6.O-O Nge7 7.Ng5
f5 8.Nf7 Qd7 9.Nxh8 Bxh8 10.Nc3 fxe4 11.dxe4 b6 12.Bb5 Bb7 13.Nd5
a6 14.Bxc6 Nxc6 15.fxe5 Nxe5 16.Be3 Bxd5 17.Qxd5 Qc6 18.Qg8+
Kd7 19.Qxh7+ Ke6 20.Qh3+ Ke7 1-0

[Event "Washington Class Championships"]
[Site "Seattle, WA"]
[Date "2015.11.28"]
[Round "2"]
[White "Yang Richard  (WA)"]
[Black "Kriewall David  (WA)"]
[Result "1/2-1/2"]
[WhiteElo "1701"]
[BlackElo "1773"]
[Annotator ""]
[Source ""]
[Remark "Class B"]

1.e4 e6 2.d4 d5 3.Nd2 Be7 4.c3 c5 5.exd5 Qxd5 6.Qf3 Nf6 7.Bc4
Qxf3 8.Ngxf3 cxd4 9.Nxd4 a6 10.N2f3 O-O 11.Bg5 b5 12.Bb3 Bb7
13.O-O h6 14.Bh4 Nc6 15.Rad1 Rfe8 16.Rfe1 Nxd4 17.Nxd4 Kf8 18.h3
Nd5 19.Bxe7+ Rxe7 20.Rd2 1/2-1/2